[Event "Olympiad Women-41"]
[Site "Tromsoe"]
[Date "2014.08.08"]
[Round "6.4"]
[White "Sabirova, Olga"]
[Black "Smith, Lynda"]
[Result "1-0"]
[WhiteElo "2099"]
[BlackElo "1920"]
[PlyCount "73"]
[EventDate "2014.08.02"]
[EventType "team-swiss"]
[EventRounds "11"]
[EventCountry "NOR"]
[SourceTitle "CBM 162"]
[Source "ChessBase"]
[SourceDate "2014.09.17"]
[SourceVersion "1"]
[SourceVersionDate "2014.09.17"]
[SourceQuality "1"]
[WhiteTeam "Uzbekistan (W)"]
[BlackTeam "Wales (W)"]
[WhiteTeamCountry "UZB"]
[BlackTeamCountry "WLS"]

1. e4 c5 2. d3 e6 3. g3 d5 4. Nc3 Nc6 5. Bg2 Nf6 6. Nge2 d4 7. Nb1 Be7 8. 0-0 Bd7 9. a4 h5 10. Na3 e5 11. f4 h4 12. Nc4 hxg3 13. Nxg3 Ng4 14. h3 Bh4 15. Nf5 Bxf5 16. exf5 Ne3 17. Nxe3 dxe3 18. Bxe3 Qf6 19. Bxc5 0-0-0 20. Qg4 exf4 21. Qxf4 Nd4 22. Qe4 Nc6 23. a5 Rhe8 24. Qf3 a6 25. d4 Rd7 26. c3 Qh6 27. d5 Ne5 28. Qe4 Bg3 29. b4 Rg8 30. b5 g6 31. f6 Rh8 32. bxa6 Qd2 33. d6 Rxh3 34. axb7+ Kb8 35. Ba7+ Kxa7 36. b8Q+ Kxb8 37. Qa8# 1-0

[Event "Olympiad Women-41"]
[Site "Tromsoe"]
[Date "2014.08.04"]
[Round "3.4"]
[White "Rakic, Marija"]
[Black "Sabirova, Olga"]
[Result "1-0"]
[WhiteElo "2323"]
[BlackElo "2099"]
[PlyCount "95"]
[EventDate "2014.08.02"]
[EventType "team-swiss"]
[EventRounds "11"]
[EventCountry "NOR"]
[SourceTitle "CBM 162"]
[Source "ChessBase"]
[SourceDate "2014.09.17"]
[SourceVersion "1"]
[SourceVersionDate "2014.09.17"]
[SourceQuality "1"]
[WhiteTeam "Serbia (W)"]
[BlackTeam "Uzbekistan (W)"]
[WhiteTeamCountry "SRB"]
[BlackTeamCountry "UZB"]

1. d4 f5 2. g3 Nf6 3. Bg2 g6 4. Nf3 Bg7 5. 0-0 0-0 6. c4 d6 7. Nc3 c6 8. b3 Na6 9. Bb2 Qc7 10. d5 e5 11. dxe6 Bxe6 12. Ng5 Qe7 13. Nxe6 Qxe6 14. Qc2 Nc5 15. Rfd1 Nfe4 16. Nxe4 Nxe4 17. Bxg7 Kxg7 18. Rd4 Ng5 19. Rad1 Nf7 20. b4 Rac8 21. e3 Rfd8 22. Qb2 Kg8 23. b5 Qe7 24. h4 Re8 25. Qa3 Qc7 26. Rb1 c5 27. Rd2 b6 28. h5 Rcd8 29. Bd5 Qe7 30. Kg2 Kg7 31. Rh1 g5 32. Qb2+ Qe5 33. a4 Qxb2 34. Rxb2 Ne5 35. Rd2 Kh6 36. a5 Ng4 37. axb6 axb6 38. Ra1 Re7 39. Ra6 Rb8 40. Bc6 Re6 41. Ra7 Ne5 42. Bd5 Rf6 43. f4 Ng4 44. Re7 Kxh5 45. Ra2 Rh8 46. Kf3 Rff8 47. Bf7+ Kh6 48. e4 1-0

[Event "Olympiad Women-41"]
[Site "Tromsoe"]
[Date "2014.08.03"]
[Round "2.4"]
[White "Sabirova, Olga"]
[Black "Erneste, Inguna"]
[Result "1-0"]
[WhiteElo "2099"]
[BlackElo "2200"]
[PlyCount "119"]
[EventDate "2014.08.02"]
[EventType "team-swiss"]
[EventRounds "11"]
[EventCountry "NOR"]
[SourceTitle "CBM 162"]
[Source "ChessBase"]
[SourceDate "2014.09.17"]
[SourceVersion "1"]
[SourceVersionDate "2014.09.17"]
[SourceQuality "1"]
[WhiteTeam "Uzbekistan (W)"]
[BlackTeam "Latvia (W)"]
[WhiteTeamCountry "UZB"]
[BlackTeamCountry "LAT"]

1. e4 e5 2. Nf3 Nc6 3. Bc4 Nf6 4. 0-0 Be7 5. Nc3 d6 6. h3 0-0 7. d4 exd4 8. Nxd4 Nxd4 9. Qxd4 Be6 10. Bf4 Bxc4 11. Qxc4 c6 12. Rad1 Ne8 13. Ne2 Qb6 14. Ng3 Bf6 15. Nf5 Be5 16. Be3 Qc7 17. f4 Bf6 18. e5 dxe5 19. fxe5 Bxe5 20. Bc5 Nf6 21. Bxf8 Rxf8 22. b3 g6 23. Nh6+ Kg7 24. Ng4 Nxg4 25. Qxg4 h5 26. Qd7 Qb6+ 27. Kh1 Qc5 28. Rf3 Bf6 29. Rdf1 Rd8 30. Qxb7 Rd6 31. Qc7 Re6 32. c4 h4 33. Qf4 a5 34. Qd2 Rd6 35. Rd3 Re6 36. Rdf3 Qe5 37. Qf4 Qc5 38. Qd2 Qe5 39. Qf2 Qg5 40. Rd1 Qe5 41. Kg1 c5 42. Qd2 Qc7 43. Rdf1 Bd4+ 44. Kh1 f6 45. Re1 Rxe1+ 46. Qxe1 g5 47. Qe6 Be5 48. Re3 Kg6 49. Qg8+ Kh6 50. Qf8+ Kg6 51. Re1 Kh7 52. Qe8 Kg7 53. Rd1 Bd4 54. Qe4 Qd6 55. a3 Qb6 56. Rd3 Kh6 57. Qf5 Kg7 58. Qd7+ Kg6 59. Qd5 Be5 60. Qg8+ 1-0

[Event "UZB-ch (Women)"]
[Site "Tashkent"]
[Date "2014.04.02"]
[Round "10"]
[White "Sabirova, Olga"]
[Black "Hamrakulova, Yulduz"]
[Result "1/2-1/2"]
[WhiteElo "2113"]
[BlackElo "2113"]
[PlyCount "45"]
[EventDate "2014.03.24"]
[EventType "tourn"]
[EventRounds "11"]
[EventCountry "UZB"]
[SourceTitle "CBM 159 Extra"]
[Source "ChessBase"]
[SourceDate "2014.04.24"]
[SourceVersion "1"]
[SourceVersionDate "2014.04.24"]
[SourceQuality "1"]

1. e4 e6 2. Nc3 d5 3. d4 Nf6 4. Bg5 Bb4 5. exd5 Qxd5 6. Bxf6 Bxc3+ 7. bxc3 gxf6 8. Nf3 Nd7 9. Bd3 b6 10. 0-0 Bb7 11. Re1 Qa5 12. c4 0-0-0 13. Qe2 Rdg8 14. Rab1 Kb8 15. c5 Qxa2 16. Be4 Qa6 17. Bd3 Qa2 18. Be4 Qa6 19. Bd3 Qa5 20. Be4 Qa6 21. Bd3 Qa2 22. Be4 Qa6 23. Bd3 1/2-1/2

[Event "UZB-ch (Women)"]
[Site "Tashkent"]
[Date "2014.03.31"]
[Round "8"]
[White "Sabirova, Olga"]
[Black "Kakhramonova, Mokhinur"]
[Result "1/2-1/2"]
[WhiteElo "2113"]
[BlackElo "1965"]
[PlyCount "68"]
[EventDate "2014.03.24"]
[EventType "tourn"]
[EventRounds "11"]
[EventCountry "UZB"]
[SourceTitle "CBM 159 Extra"]
[Source "ChessBase"]
[SourceDate "2014.04.24"]
[SourceVersion "1"]
[SourceVersionDate "2014.04.24"]
[SourceQuality "1"]

1. e4 d6 2. d4 g6 3. Nc3 Bg7 4. f4 Nf6 5. Nf3 0-0 6. Be2 c6 7. a4 Qc7 8. 0-0 Nbd7 9. Qe1 e5 10. dxe5 dxe5 11. f5 Nc5 12. fxg6 fxg6 13. Ng5 Ne6 14. Bc4 Qe7 15. b3 Kh8 16. Ba3 c5 17. Nxe6 Bxe6 18. Bxe6 Qxe6 19. Bxc5 Rfc8 20. Ba3 Qc6 21. Rf3 Ng4 22. h3 Nf6 23. Rd1 Nh5 24. Nd5 Qxc2 25. Rd2 Qc6 26. Rc3 Qe6 27. Rdc2 Rxc3 28. Qxc3 Nf6 29. Qc4 Bf8 30. Nxf6 Qxf6 31. Rf2 Qb6 32. a5 Qe3 33. Bc1 Qe1+ 34. Rf1 Qxa5 1/2-1/2

[Event "UZB-ch (Women)"]
[Site "Tashkent"]
[Date "2012.05.24"]
[Round "8"]
[White "Sabirova, Olga"]
[Black "Nadirjanova, Nodira"]
[Result "1-0"]
[WhiteElo "2151"]
[BlackElo "2180"]
[PlyCount "59"]
[EventDate "2012.05.17"]
[EventType "tourn"]
[EventRounds "9"]
[EventCountry "UZB"]
[SourceTitle "CBM 148 Extra"]
[Source "ChessBase"]
[SourceDate "2012.06.22"]
[SourceVersion "1"]
[SourceVersionDate "2012.06.22"]
[SourceQuality "1"]

1. e4 e6 2. d4 d5 3. Nc3 dxe4 4. Nxe4 Nd7 5. Nf3 Ngf6 6. Nxf6+ Nxf6 7. Ne5 Nd7 8. Bf4 c5 9. c3 cxd4 10. Qxd4 Bc5 11. Qa4 0-0 12. 0-0-0 Nb6 13. Qe4 Qe8 14. Bd3 f5 15. Qf3 Nd5 16. Bc2 Nxf4 17. Qxf4 b5 18. Rd3 Be7 19. Bb3 a5 20. a4 Bf6 21. Re1 h6 22. h4 bxa4 23. Bxa4 Qh5 24. g3 Ra6 25. Nd7 e5 26. Qc4+ Qf7 27. Bb3 Ra7 28. Qxf7+ Rxf7 29. Nxf6+ gxf6 30. Rd8+ 1-0

[Event "UZB-ch (Women)"]
[Site "Tashkent"]
[Date "2012.05.21"]
[Round "5"]
[White "Abdusattorova, Bakhora"]
[Black "Sabirova, Olga"]
[Result "1-0"]
[WhiteElo "1739"]
[BlackElo "2151"]
[PlyCount "81"]
[EventDate "2012.05.17"]
[EventType "tourn"]
[EventRounds "9"]
[EventCountry "UZB"]
[SourceTitle "CBM 148 Extra"]
[Source "ChessBase"]
[SourceDate "2012.06.22"]
[SourceVersion "1"]
[SourceVersionDate "2012.06.22"]
[SourceQuality "1"]

1. d4 f5 2. Qd3 d5 3. g4 fxg4 4. h3 g3 5. fxg3 Nf6 6. Bg2 e6 7. Nd2 Nc6 8. Ngf3 Bd6 9. 0-0 0-0 10. g4 Bd7 11. Ng5 Nb4 12. Qc3 h6 13. Ngf3 Ne4 14. Nxe4 dxe4 15. Ne5 Rxf1+ 16. Bxf1 Nd5 17. Qb3 b5 18. Bg2 Bxe5 19. dxe5 Qh4 20. Bd2 Rf8 21. Rf1 Rxf1+ 22. Kxf1 e3 23. Bxe3 Bc6 24. Bd2 h5 25. c4 bxc4 26. Qxc4 Ba8 27. e4 hxg4 28. exd5 exd5 29. Qxg4 Qe7 30. Qc8+ Qf8+ 31. Qxf8+ Kxf8 32. Bf3 Ke7 33. Bg4 c5 34. Bg5+ Kf7 35. e6+ Kg6 36. Be7 c4 37. Bc5 a5 38. e7 Bc6 39. Be6 Kf6 40. Bxd5 Bb5 41. Kf2 1-0

[Event "Tashkent zt 3.4 (Women)"]
[Site "Tashkent"]
[Date "2011.06.10"]
[Round "3"]
[White "Qurbonboeva, Sarvinoz"]
[Black "Sabirova, Olga"]
[Result "1-0"]
[WhiteElo "2073"]
[BlackElo "2225"]
[PlyCount "224"]
[EventDate "2011.06.08"]
[EventType "swiss"]
[EventRounds "9"]
[EventCountry "UZB"]
[SourceTitle "CBM 142 Extra"]
[Source "ChessBase"]
[SourceDate "2011.06.27"]
[SourceVersion "1"]
[SourceVersionDate "2011.06.27"]
[SourceQuality "1"]

1. c4 f5 2. Nc3 Nf6 3. g3 g6 4. Bg2 Bg7 5. Nf3 0-0 6. 0-0 d6 7. d4 Qe8 8. d5 Na6 9. Nd4 Bd7 10. a3 c6 11. h3 Nc7 12. Be3 c5 13. Nc2 Nh5 14. Qd2 b5 15. cxb5 Nxb5 16. Rab1 Qf7 17. Bh6 Bxh6 18. Qxh6 Nxc3 19. bxc3 f4 20. g4 Ng7 21. Ne1 Ne8 22. Nf3 Bc8 23. Rb2 Ba6 24. Rfb1 Qg7 25. Qxg7+ Nxg7 26. e3 fxe3 27. fxe3 h6 28. Nh2 Ne8 29. Bf1 Bxf1 30. Nxf1 Nf6 31. c4 Nd7 32. Rb7 Nb6 33. Nd2 Kf7 34. a4 Nxa4 35. Ra1 Nb6 36. Raxa7 Rxa7 37. Rxa7 Rb8 38. Kf2 Ke8 39. Ke2 Nd7 40. Ra1 Ne5 41. Ra4 Kf7 42. Kd1 Nd3 43. Kc2 Nf2 44. Ra1 Kg7 45. Ra7 Kf6 46. Ra4 Rf8 47. Ra7 Rf7 48. Nf3 Nxh3 49. e4 Nf2 50. e5+ Kg7 51. e6 Rxf3 52. Rxe7+ Kf8 53. Rd7 Ne4 54. Rd8+ Ke7 55. Rd7+ Ke8 56. Rh7 Nf6 57. Rxh6 Nxg4 58. Rxg6 Ne5 59. Rg8+ Rf8 60. Rg7 Nxc4 61. Kd3 Ne5+ 62. Ke4 Rh8 63. Ra7 Rh5 64. Rb7 Kf8 65. Ra7 Rg5 66. Rb7 Rh5 67. Ra7 Rh1 68. Kf5 Rf1+ 69. Kg5 Rg1+ 70. Kf5 Rf1+ 71. Kg5 Nf3+ 72. Kg6 Ne5+ 73. Kg5 Nf3+ 74. Kg4 Nd4 75. Ra8+ Ke7 76. Ra7+ Kf8 77. Ra8+ Kg7 78. e7 Rg1+ 79. Kh3 Rh1+ 80. Kg2 Re1 81. e8Q Rxe8 82. Rxe8 Nb5 83. Kf3 Nc3 84. Re6 Nxd5 85. Rxd6 Nf6 86. Rc6 Kf7 87. Rxc5 Ke6 88. Kf4 Nd5+ 89. Ke4 Nf6+ 90. Kd4 Kd6 91. Ra5 Ke6 92. Re5+ Kd6 93. Re1 Nd7 94. Rh1 Nf6 95. Re1 Nd7 96. Ke4 Nf6+ 97. Kf5 Nd5 98. Rc1 Ne7+ 99. Ke4 Nc6 100. Rh1 Kc5 101. Rd1 Nb4 102. Rc1+ Kd6 103. Kd4 Nc6+ 104. Kc4 Ne5+ 105. Kb4 Kd5 106. Rd1+ Ke4 107. Kc5 Nd3+ 108. Kd6 Kd4 109. Ke6 Ke4 110. Ra1 Nf4+ 111. Kd6 Nd3 112. Ra4+ Nb4 1-0

[Event "Tashkent zt 3.4 (Women)"]
[Site "Tashkent"]
[Date "2011.06.09"]
[Round "2"]
[White "Nasriddinzoda, Marvorii"]
[Black "Sabirova, Olga"]
[Result "1-0"]
[WhiteElo "2011"]
[BlackElo "2225"]
[PlyCount "109"]
[EventDate "2011.06.08"]
[EventType "swiss"]
[EventRounds "9"]
[EventCountry "UZB"]
[SourceTitle "CBM 142 Extra"]
[Source "ChessBase"]
[SourceDate "2011.06.27"]
[SourceVersion "1"]
[SourceVersionDate "2011.06.27"]
[SourceQuality "1"]

1. e4 e5 2. Nf3 Nc6 3. c3 Nf6 4. d4 d5 5. Bb5 exd4 6. Nxd4 Bd7 7. Bxc6 bxc6 8. e5 Ne4 9. 0-0 Be7 10. f3 Nc5 11. f4 f5 12. b4 Ne4 13. e6 Bc8 14. Nxf5 0-0 15. Qg4 g6 16. Nh6+ Kg7 17. f5 Ba6 18. Rf3 Be2 19. Nf7 Rxf7 20. exf7 Bxf3 21. Qxf3 Bf6 22. fxg6 hxg6 23. a3 Qe7 24. Bb2 Rf8 25. Qd3 Rxf7 26. Nd2 Nxd2 27. Qxd2 Bg5 28. c4+ Kh7 29. Qe1 Qe3+ 30. Kh1 Rf2 31. Qc3 Qxc3 32. Bxc3 Rc2 33. Bd4 Rxc4 34. Bxa7 Kg7 35. g3 Kf6 36. Bc5 Bd2 37. Rd1 Bc3 38. Kg2 Ke5 39. Kf3 Re4 40. Rd3 Be1 41. Re3 Bd2 42. Rxe4+ dxe4+ 43. Ke2 Bc1 44. a4 Ke6 45. h4 Kd7 46. g4 Kc8 47. h5 gxh5 48. gxh5 Bf4 49. Bf8 Kb7 50. h6 c5 51. h7 Be5 52. Bxc5 Kc6 53. Ke3 Kd5 54. a5 Kc6 55. Bd4 1-0

[Event "UZB-ch (Women)"]
[Site "Tashkent"]
[Date "2011.05.23"]
[Round "3"]
[White "Sabirova, Olga"]
[Black "Hamrakulova, Yulduz"]
[Result "1-0"]
[WhiteElo "2225"]
[BlackElo "2201"]
[PlyCount "70"]
[EventDate "2011.05.21"]
[EventType "tourn"]
[EventRounds "11"]
[EventCountry "UZB"]
[SourceTitle "CBM 142 Extra"]
[Source "ChessBase"]
[SourceDate "2011.06.27"]
[SourceVersion "1"]
[SourceVersionDate "2011.06.27"]
[SourceQuality "1"]

1. e4 e5 2. Bc4 Nf6 3. d3 Nc6 4. Nf3 Bc5 5. Nc3 h6 6. Be3 Bb6 7. 0-0 d6 8. h3 0-0 9. a3 Be6 10. Bxe6 fxe6 11. d4 d5 12. Nxe5 Nxe5 13. dxe5 d4 14. Bxd4 Bxd4 15. exf6 Qxf6 16. Qd2 Rad8 17. Rab1 Qh4 18. Qe2 Rd7 19. Rbd1 c5 20. Kh2 Rdf7 21. g3 Qf6 22. f4 Bxc3 23. bxc3 Qxc3 24. Rd3 Qa5 25. Rfd1 e5 26. f5 c4 27. Rf3 Qc7 28. Rd5 a6 29. Rf1 b5 30. Rfd1 Qa5 31. Qxc4 Qxa3 32. Qb3 Qxb3 33. cxb3 Re7 34. Rc1 Rb8 35. Rcc5 Kf7 1-0

[Event "Asia-chT (Women) 16th"]
[Site "Guangzhou"]
[Date "2010.11.24"]
[Round "7.10"]
[White "Pham, Le Thao Nguyen"]
[Black "Sabirova, Olga"]
[Result "1/2-1/2"]
[WhiteElo "2337"]
[BlackElo "2205"]
[PlyCount "61"]
[EventDate "2010.11.18"]
[EventType "team-swiss"]
[EventRounds "9"]
[EventCountry "CHN"]
[SourceTitle "CBM 139 Extra"]
[Source "ChessBase"]
[SourceDate "2011.01.05"]
[SourceVersion "1"]
[SourceVersionDate "2011.01.05"]
[SourceQuality "1"]
[WhiteTeam "Vietnam (W)"]
[BlackTeam "Uzbekistan (W)"]
[WhiteTeamCountry "VIE"]
[BlackTeamCountry "UZB"]

1. d4 f5 2. g3 g6 3. Bg2 Nf6 4. c3 Bg7 5. Nd2 d5 6. Nh3 0-0 7. Nf3 e6 8. Nf4 Re8 9. h4 Ne4 10. Nd3 Nd7 11. Bf4 c5 12. Nfe5 cxd4 13. cxd4 Nxe5 14. dxe5 b6 15. Rc1 Ba6 16. 0-0 Qe7 17. Bf3 h6 18. Be3 g5 19. hxg5 hxg5 20. Bd4 Rec8 21. Re1 Bh6 22. g4 Rc4 23. e3 Rac8 24. a3 Bb7 25. Bg2 Bf8 26. f3 Rxc1 27. Nxc1 Nc5 28. Nd3 Qf7 29. b4 Nxd3 30. Qxd3 Rc4 31. Rd1 1/2-1/2

[Event "Asia-chT (Women) 16th"]
[Site "Guangzhou"]
[Date "2010.11.20"]
[Round "3"]
[White "Sabirova, Olga"]
[Black "Batchimeg, Tuvshintugs"]
[Result "1/2-1/2"]
[WhiteElo "2205"]
[BlackElo "2327"]
[PlyCount "195"]
[EventDate "2010.11.18"]
[EventType "team-swiss"]
[EventRounds "9"]
[EventCountry "CHN"]
[SourceTitle "CBM 139 Extra"]
[Source "ChessBase"]
[SourceDate "2011.01.05"]
[SourceVersion "1"]
[SourceVersionDate "2011.01.05"]
[SourceQuality "1"]
[WhiteTeam "Uzbekistan (W)"]
[BlackTeam "Mongolia (W)"]
[WhiteTeamCountry "UZB"]
[BlackTeamCountry "MGL"]

1. e4 e5 2. Nf3 Nc6 3. Bc4 Nf6 4. d3 Be7 5. 0-0 0-0 6. Re1 d6 7. a4 Be6 8. Nbd2 Qd7 9. c3 Rae8 10. a5 a6 11. h3 Kh8 12. Nf1 d5 13. exd5 Bxd5 14. Ne3 Bxc4 15. Nxc4 Bd6 16. Qb3 Qc8 17. Nxd6 cxd6 18. Be3 h6 19. d4 e4 20. Nd2 d5 21. c4 Qd7 22. f3 exf3 23. Nxf3 Re4 24. Bf2 Rfe8 25. c5 Nh5 26. Rxe4 dxe4 27. d5 exf3 28. dxc6 Qxc6 29. Qxf3 Qd7 30. Qb3 Qc6 31. Qf3 Qxf3 32. gxf3 Nf4 33. h4 Re2 34. Bd4 Ne6 35. Bc3 Nxc5 36. Rd1 Re7 37. Rd6 Rd7 38. Rxh6+ Kg8 39. Rb6 Na4 40. Rb3 f6 41. Kf2 Nc5 42. Rb6 Kf7 43. Kg3 Kg6 44. Kg4 Na4 45. Rb4 Nxc3 46. bxc3 Rc7 47. c4 Rc5 48. Rxb7 Rxc4+ 49. f4 Rc5 50. Ra7 Rxa5 51. f5+ Kh6 52. Ra8 Kh7 53. Ra7 Ra1 54. h5 a5 55. Ra8 Ra4+ 56. Kg3 Ra2 57. Kg4 Ra4+ 58. Kg3 Ra1 59. Kg4 a4 60. h6 a3 61. hxg7 Kxg7 62. Kg3 a2 63. Kg2 Kh6 64. Ra5 Kg5 65. Kh2 Kf4 66. Kg2 Ke4 67. Kh2 Kd4 68. Ra8 Ke3 69. Kg2 Kd3 70. Ra3+ Kd4 71. Ra8 Kc5 72. Ra5+ Kd4 73. Ra4+ Ke5 74. Ra5+ Kf4 75. Kh2 Kf3 76. Ra3+ Kg4 77. Ra5 Rf1 78. Rxa2 Rxf5 79. Kg2 Rf4 80. Kh2 Rf5 81. Kg2 Rf4 82. Rb2 Rc4 83. Kf2 f5 84. Ra2 f4 85. Rb2 Rc3 86. Kg2 Rg3+ 87. Kh2 Rh3+ 88. Kg2 f3+ 89. Kg1 Kg3 90. Rg2+ Kf4 91. Ra2 Rh7 92. Ra8 Rg7+ 93. Kf2 Rg2+ 94. Kf1 Rg5 95. Kf2 Rg2+ 96. Kf1 Rg5 97. Kf2 Rg2+ 98. Kf1 1/2-1/2

[Event "Olympiad Women-39"]
[Site "Khanty-Mansiysk"]
[Date "2010.10.01"]
[Round "10.16"]
[White "Sabirova, Olga"]
[Black "Krivec, Jana"]
[Result "1/2-1/2"]
[WhiteElo "2216"]
[BlackElo "2309"]
[PlyCount "38"]
[EventDate "2010.09.21"]
[EventType "team-swiss"]
[EventRounds "11"]
[EventCountry "RUS"]
[SourceTitle "CBM 139"]
[Source "ChessBase"]
[SourceDate "2010.11.18"]
[SourceVersion "1"]
[SourceVersionDate "2010.11.18"]
[SourceQuality "1"]
[WhiteTeam "Uzbekistan (W)"]
[BlackTeam "Slovenia (W)"]
[WhiteTeamCountry "UZB"]
[BlackTeamCountry "SLO"]

1. e4 d6 2. d4 Nf6 3. Nc3 e5 4. Nf3 Nbd7 5. Bc4 Be7 6. 0-0 0-0 7. Re1 c6 8. a4 b6 9. b3 a6 10. Bb2 Bb7 11. Bd3 g6 12. dxe5 dxe5 13. Ne2 Qc7 14. Ng3 Bb4 15. c3 Bd6 16. b4 c5 17. Ba3 Rfd8 18. Qe2 Nf8 19. Bc4 h6 1/2-1/2

[Event "Olympiad Women-39"]
[Site "Khanty-Mansiysk"]
[Date "2010.09.25"]
[Round "5.14"]
[White "Sabirova, Olga"]
[Black "Berzina, Ilze"]
[Result "1/2-1/2"]
[WhiteElo "2216"]
[BlackElo "2283"]
[PlyCount "38"]
[EventDate "2010.09.21"]
[EventType "team-swiss"]
[EventRounds "11"]
[EventCountry "RUS"]
[SourceTitle "CBM 139"]
[Source "ChessBase"]
[SourceDate "2010.11.18"]
[SourceVersion "1"]
[SourceVersionDate "2010.11.18"]
[SourceQuality "1"]
[WhiteTeam "Uzbekistan (W)"]
[BlackTeam "Latvia (W)"]
[WhiteTeamCountry "UZB"]
[BlackTeamCountry "LAT"]

1. e4 e5 2. Nf3 Nc6 3. Bc4 Nf6 4. d3 Bc5 5. c3 d6 6. Nbd2 a6 7. Bb3 0-0 8. 0-0 Ba7 9. h3 h6 10. Re1 Be6 11. Nf1 Re8 12. Ng3 d5 13. Qe2 Qd7 14. Nh4 Bxh3 15. exd5 Na5 16. gxh3 Nxb3 17. axb3 Qxh3 18. Nhf5 Ng4 19. Be3 Qh2+ 1/2-1/2

[Event "Olympiad Women-39"]
[Site "Khanty-Mansiysk"]
[Date "2010.09.24"]
[Round "4.19"]
[White "Limontaite, Simona"]
[Black "Sabirova, Olga"]
[Result "1/2-1/2"]
[WhiteElo "2187"]
[BlackElo "2216"]
[PlyCount "80"]
[EventDate "2010.09.21"]
[EventType "team-swiss"]
[EventRounds "11"]
[EventCountry "RUS"]
[SourceTitle "CBM 139"]
[Source "ChessBase"]
[SourceDate "2010.11.18"]
[SourceVersion "1"]
[SourceVersionDate "2010.11.18"]
[SourceQuality "1"]
[WhiteTeam "Lithuania (W)"]
[BlackTeam "Uzbekistan (W)"]
[WhiteTeamCountry "LTU"]
[BlackTeamCountry "UZB"]

1. d4 f5 2. c4 g6 3. Nf3 Nf6 4. g3 Bg7 5. Bg2 0-0 6. 0-0 d6 7. b4 Ne4 8. Bb2 c5 9. b5 Be6 10. Nfd2 Qc7 11. Nxe4 fxe4 12. Na3 Bf5 13. Qd2 Nd7 14. d5 Bxb2 15. Qxb2 Qa5 16. h3 h5 17. Nc2 Qd2 18. Rad1 Qxe2 19. Rfe1 Qxc4 20. Ne3 Qb4 21. Qxb4 cxb4 22. g4 Ne5 23. gxf5 gxf5 24. Nc2 Nd3 25. Rxd3 exd3 26. Nxb4 d2 27. Rd1 Rac8 28. Rxd2 Rc4 29. Nc2 Kg7 30. Re2 Kf6 31. Re6+ Kg5 32. Ne1 Rf7 33. Nf3+ Kf4 34. Rh6 Rc1+ 35. Kh2 Rc2 36. Kg1 Rc1+ 37. Kh2 Rc2 38. Kg1 Rc1+ 39. Kh2 Rc2 40. Kg1 Rc1+ 1/2-1/2

[Event "UZB-ch (Women)"]
[Site "Tashkent"]
[Date "2010.05.16"]
[Round "2"]
[White "Gevorgyan, Irina"]
[Black "Sabirova, Olga"]
[Result "1-0"]
[WhiteElo "2159"]
[BlackElo "2205"]
[PlyCount "63"]
[EventDate "2010.05.16"]
[EventType "tourn"]
[EventRounds "11"]
[EventCountry "UZB"]
[SourceTitle "EXT 2011"]
[Source "ChessBase"]
[SourceDate "2010.11.26"]
[SourceVersion "1"]
[SourceVersionDate "2010.11.26"]
[SourceQuality "1"]

1. e4 b6 2. d4 Bb7 3. Bd3 Nf6 4. Nd2 e6 5. Ngf3 c5 6. Qe2 Nc6 7. c3 cxd4 8. Nxd4 Be7 9. 0-0 d5 10. e5 Nd7 11. N2f3 0-0 12. Re1 Nc5 13. Nxc6 Bxc6 14. Nd4 Bd7 15. Bc2 Re8 16. Bf4 a5 17. Rad1 g6 18. c4 Bg5 19. Bxg5 Qxg5 20. Nf3 Qe7 21. cxd5 exd5 22. Rxd5 Bc6 23. Rdd1 Qb7 24. Qe3 f6 25. Bb3+ Kh8 26. Qf4 Bxf3 27. Qxf6+ Qg7 28. Qxf3 Rf8 29. Qe3 g5 30. e6 Rae8 31. e7 Rf5 32. Rd8 1-0

[Event "UZB-ch (Women)"]
[Site "Tashkent"]
[Date "2010.05.16"]
[Round "9"]
[White "Nadirjanova, Nodira"]
[Black "Sabirova, Olga"]
[Result "0-1"]
[WhiteElo "2159"]
[BlackElo "2205"]
[PlyCount "96"]
[EventDate "2010.05.16"]
[EventType "tourn"]
[EventRounds "11"]
[EventCountry "UZB"]
[SourceTitle "EXT 2011"]
[Source "ChessBase"]
[SourceDate "2010.11.26"]
[SourceVersion "1"]
[SourceVersionDate "2010.11.26"]
[SourceQuality "1"]

1. d4 f5 2. g3 g6 3. Nf3 Nf6 4. Bg2 Bg7 5. 0-0 0-0 6. c4 d6 7. Nc3 Qe8 8. d5 Na6 9. Rb1 c5 10. b3 Bd7 11. Bb2 Nc7 12. a4 b6 13. Nb5 Nxb5 14. axb5 a6 15. bxa6 Rxa6 16. Ra1 Rxa1 17. Qxa1 Qa8 18. Ng5 Qb7 19. Bc3 b5 20. cxb5 Ra8 21. Qb2 Qxb5 22. Nf3 Rb8 23. Rb1 Nh5 24. e3 Bxc3 25. Qxc3 Nf6 26. Nd2 Qb4 27. Qxb4 Rxb4 28. Rc1 Bc8 29. Rc4 Bb7 30. e4 fxe4 31. Rxb4 cxb4 32. Nxe4 Nxd5 33. Ng5 Kg7 34. Ne6+ Kf6 35. Nd4 g5 36. f4 e5 37. fxe5+ dxe5 38. Nc2 Bc6 39. Kf2 Ke6 40. Be4 h6 41. Bxd5+ Bxd5 42. Nxb4 Bxb3 43. Nd3 Bc2 44. Nc1 Kf5 45. Kf3 Ba4 46. g4+ Ke6 47. h3 Kd5 48. Ke3 Bb5 0-1

[Event "UZB-ch (Women)"]
[Site "Tashkent"]
[Date "2010.05.16"]
[Round "4"]
[White "Qurbonboeva, Sarvinoz"]
[Black "Sabirova, Olga"]
[Result "1/2-1/2"]
[WhiteElo "2011"]
[BlackElo "2205"]
[PlyCount "268"]
[EventDate "2010.05.16"]
[EventType "tourn"]
[EventRounds "11"]
[EventCountry "UZB"]
[SourceTitle "EXT 2011"]
[Source "ChessBase"]
[SourceDate "2010.11.26"]
[SourceVersion "1"]
[SourceVersionDate "2010.11.26"]
[SourceQuality "1"]

1. c4 f5 2. Nc3 Nf6 3. g3 g6 4. Bg2 Bg7 5. d4 d6 6. Nf3 0-0 7. 0-0 Qe8 8. d5 Na6 9. Nd4 Bd7 10. Re1 c6 11. e4 fxe4 12. Nxe4 Nxe4 13. Bxe4 Nc7 14. Bf4 c5 15. Ne2 b5 16. cxb5 Nxb5 17. Qd2 Rb8 18. Rab1 Qf7 19. Be3 Bg4 20. f4 Bxe2 21. Qxe2 e5 22. Bg2 Rfe8 23. fxe5 Bxe5 24. Rf1 Qg7 25. Bh3 Nc7 26. Qd2 Bxb2 27. Kh1 Bc3 28. Qd3 Rxb1 29. Rxb1 Qe5 30. Bf4 Qxd5+ 31. Qxd5+ Nxd5 32. Bxd6 Bd4 33. Rc1 Nb4 34. a4 Nd3 35. Rb1 Nf2+ 36. Kg2 Nxh3 37. Kxh3 Rc8 38. Bf4 c4 39. Rb7 c3 40. Rd7 Bb6 41. Bc1 a5 42. Rb7 Bc5 43. Kg2 Rf8 44. Rc7 Rf2+ 45. Kh3 Bb4 46. Bh6 Rf5 47. g4 Rc5 48. Rg7+ Kf8 49. Rxg6+ Kf7 50. Rg7+ Kf6 51. Rd7 Ba3 52. Rxh7 Kg6 53. Rh8 c2 54. Bd2 c1Q 55. Bxc1 Bxc1 56. Ra8 Bf4 57. Kg2 Kg5 58. Rg8+ Kf6 59. Ra8 Bc7 60. h4 Rc4 61. Ra6+ Ke5 62. Kf3 Rxa4 63. h5 Ra3+ 64. Kg2 Kf4 65. Rc6 Be5 66. Rc4+ Kg5 67. Rc5 Kf6 68. g5+ Ke6 69. h6 Rg3+ 70. Kf1 a4 71. h7 Rh3 72. g6 Bf6 73. Ra5 a3 74. Kg2 Rh6 75. g7 Rg6+ 76. Kf3 Bxg7 77. Ra6+ Kf7 78. Ra7+ Kf6 79. Rxa3 Rg1 80. Ra7 Rh1 81. Ra6+ Kf5 82. Ra5+ Kg6 83. Ra6+ Kxh7 84. Kf4 Rh5 85. Kg4 Rb5 86. Kf4 Bd4 87. Rc6 Kg7 88. Ke4 Bf6 89. Ra6 Kg6 90. Rc6 Kg5 91. Rc2 Re5+ 92. Kd3 Kf5 93. Rf2+ Ke6 94. Ra2 Rc5 95. Ke4 Rc4+ 96. Kd3 Rd4+ 97. Ke3 Be5 98. Ra5 Kf5 99. Ra2 Rb4 100. Rf2+ Ke6 101. Ra2 Bd6 102. Ra5 Be5 103. Ra2 Bf4+ 104. Kd3 Bd6 105. Kc3 Rg4 106. Re2+ Be5+ 107. Kb3 Kd5 108. Ra2 Bd6 109. Rd2+ Kc5 110. Rd3 Rb4+ 111. Kc3 Be5+ 112. Kd2 Re4 113. Rd8 Bf4+ 114. Kd3 Re3+ 115. Kc2 Bd6 116. Rc8+ Kb4 117. Rd8 Bc5 118. Rd3 Re2+ 119. Rd2 Re4 120. Rh2 Kc4 121. Rg2 Re3 122. Rg4+ Bd4 123. Kd2 Rf3 124. Rg2 Ra3 125. Ke2 Re3+ 126. Kd2 Re4 127. Rh2 Be3+ 128. Kc2 Re8 129. Rh7 Rf8 130. Rc7+ Bc5 131. Kd2 Rf2+ 132. Ke1 Rb2 133. Rc8 Kd4 134. Rh8 Kd3 1/2-1/2